[Event "Tarragona Province-chB"]
[Site "Tarragona"]
[Date "2008.05.03"]
[Round "3"]
[White "Valles Molada, David"]
[Black "Llop Gomez, Sergi"]
[Result "0-1"]
[WhiteElo "1918"]
[BlackElo "1778"]
[PlyCount "72"]
[EventDate "2008.04.19"]
[EventType "swiss"]
[EventRounds "8"]
[EventCountry "ESP"]
[SourceTitle "EXT 2019"]
[Source "ChessBase"]
[SourceDate "2018.10.10"]
[SourceVersion "1"]
[SourceVersionDate "2018.10.10"]
[SourceQuality "1"]

1. d4 d5 2. Nf3 Nf6 3. e3 Bf5 4. b3 e6 5. a3 Bd6 6. Bb2 Nbd7 7. Be2 0-0 8. 0-0 c6 9. Ne5 Qc7 10. f4 h6 11. g4 Bh7 12. Nd2 Ne4 13. Bd3 Nxd2 14. Bxh7+ Kxh7 15. Qxd2 Kg8 16. Rf3 Nf6 17. Qg2 Ne4 18. Rh3 Bxe5 19. fxe5 Ng5 20. Rh5 Kh7 21. Bc3 c5 22. Be1 cxd4 23. exd4 Qb6 24. Rd1 Rac8 25. Bb4 Rfe8 26. Rd3 Rc6 27. Rxg5 hxg5 28. Qh3+ Kg8 29. c3 a5 30. Qh5 axb4 31. Rh3 Kf8 32. Qh8+ Ke7 33. Qxg7 bxc3 34. Qf6+ Kd7 35. Qxf7+ Re7 36. Qf8 Rc8 0-1